000 00504nam a2200169 i 4500
001 90489
003 ES-MaACL
005 20240225063052.0
007 t|
008 050121s1975 sp ||||1| spa d
100 1 _aLenin, Vladimir Il'ich,
_d1870-1924
_971523
245 1 3 _aLa bancarrota de la II Internacional /
_cVladimir Illicht Lenin.
260 _a[Barcelona] :
_bAnagrama,
_c[1975]
300 _a101 p. ;
_c18 cm.
852 _aES-MaACL
_jE-8702
_bR.92585
999 _c90489
_d90489